A short history of India /

Bibliographic Details
Main Author: Moreland, W. H. (William Harrison), 1868-1938
Other Authors: Chatterjee, Atul Chandra, Sir, 1874-1955
Format: Book
Language:English
Published: New York : David McKay, [1957]
Edition:4th ed.
Subjects:

MARC

Tag First Indicator Second Indicator Subfields
LEADER 00000cam a2200000 4500
001 in00000201660
005 20151009064722.0
008 720919s1957 nyub b 00010 eng d
010 |a a 59005016  
035 |a (OCoLC)00409015 
035 |9 AAY2705AM 
040 |c WSU  |d TXA  |d UtOrBLW 
049 |a TXAM  |c [911197] 
090 |a DS407  |b .M7 1957a 
100 1 |a Moreland, W. H.  |q (William Harrison),  |d 1868-1938. 
245 1 2 |a A short history of India /  |c by W. H. Moreland and Atul Chandra Chatterjee. 
250 |a 4th ed. 
264 1 |a New York :  |b David McKay,  |c [1957] 
300 |a 598 pages :  |b maps. 
336 |a text  |b txt  |2 rdacontent 
337 |a unmediated  |b n  |2 rdamedia 
338 |a volume  |b nc  |2 rdacarrier 
504 |a Bibliographical footnotes. 
651 0 |a India  |x History. 
700 1 |a Chatterjee, Atul Chandra,  |c Sir,  |d 1874-1955. 
999 |a MARS 
999 f f |s 4ca8512b-bfd5-3d5e-93ff-2a81f9a9d43a  |i 09252649-130f-3e22-ae85-473a5e05cebc  |t 0 
952 f f |p ric  |a Texas A&M University  |b Rellis Campus  |c Joint Library Facility  |d Remote Storage  |t 0  |e DS407 .M7 1957a  |h Library of Congress classification  |i unmediated -- volume  |m A14802043831 
998 f f |a DS407 .M7 1957a  |t 0  |l Remote Storage